00917nab a2200253 uc450000100070000000500170000700800410002403500110006503500210007604000130009704100080011010000410011824500910015965000310025065000410028165000290032270000420035170000440039370000430043770000420048077301120052294200100063499900190064439160320240201131156.0990503e19981201 por  a391603 a(OCoLC)819779794 ccomduadb apor10aMatsuoka, Oscar T.4auteaut950722510aValor preditivo do Clinical Risk Index for Babies para o risco de mortalidade neonatal aMortalidad neonatal931382 aNiños de bajo peso al nacer918148 aEdad gestacional917435110aSadeck, Lilian S.R.4auteaut949716810aHaber, Jesselina F.S.4auteaut949716910aProenca, Renata S.M.4auteaut929183010aMataloun, Marta M.G4auteaut95072260 tRevista de Saúde Pública (Sao Paulo)gVol. 32, No. 06, Dic. 1998, p. 550-555w333757x0034-89100109863 cARIMP c115225d115225